000 01205nam a2200301 u 4500
001 000019054
003 DO-SdBNP
005 20251105110124.0
008 100525s1988 dr a r 001 0 spa d
040 _aDO-SdBNP
_bspa
_cBNPHU
082 _aRD868.42
_bH519o, 1988
100 1 _aHenríquez Ureña, Pedro,
_d1884-1946
_91718
245 1 0 _aObra dominicana /
_cPedro Henríquez Ureña ; prólogo Juan Jacobo de Lara ; edición José Chez Checo.
260 _aSanto Domingo :
_bSociedad Dominicana de Bibliófilos,
_c1988.
300 _a567 p. ;
_c24 cm.
490 1 _aCultura dominicana
_v66
500 _aIncluye referencias bibliográficas y notas al pie de las páginas
600 1 0 _aHenríquez Ureña, Pedro,
_d1884-1946
_vColecciones de escritos
_91718
650 0 _aEnsayos dominicanos
_965
650 4 _aLiteratura dominicana
_xHistoria y crìtica
_9159
651 4 _aRepública Dominicana
_xCivilización
_97739
651 0 _aAmérica Latina
_xCivilización
_916665
700 1 2 _aLara, Juan Jacobo de
_epról.
_930669
700 1 2 _aChez Checo, José,
_d1949-
_eed.
_910145
830 0 _aCultura dominicana
_n66
_n830
_940999
910 _aValidado. Control de calidad MFF
942 _2ddc
_cLBS1
999 _c18572
_d18572